000 00450cam a2200145 4500500
005 20251012032608.0
041 _afre
042 _adc
100 1 0 _aSesé, Bernard
_eauthor
245 0 0 _aGérard GENETTE, Bardadrac, Seuil, 2006, 453 pages.
260 _c2007.
500 _a55
786 0 _nSigila | 19 | 1 | 2007-06-20 | p. 199-199 | 1286-1715
856 4 1 _uhttps://shs.cairn.info/revue-sigila-2007-1-page-199?lang=fr&redirect-ssocas=7080
999 _c1547781
_d1547781